[Event "VII Campeonato de España de Ve"]
[Site "Sabadell (Spain)"]
[Date "2009.12.12"]
[Round "1"]
[White "Gonzalez Rodriguez, Jorge A"]
[Black "Espau Guillem, Josep"]
[Result "1-0"]
[WhiteElo "2441"]
[BlackElo "2003"]
[PlyCount "84"]
[EventDate "2009.12.12"]
[EventRounds "7"]
[EventCountry "ESP"]

1. c4 Nf6 2. Nc3 e6 3. d4 Bb4 4. f3 d5 5. e3 O-O 6. a3 Bxc3+ 7. bxc3 c5 8. cxd5
exd5 9. Bd3 Nc6 10. Ne2 Re8 11. O-O Bd7 12. Bd2 Qc8 13. Qb1 c4 14. Bc2 Ne7 15.
e4 Ng6 16. e5 Kh8 17. Ng3 Ng8 18. f4 Qc6 19. f5 Nxe5 20. dxe5 Rxe5 21. Bf4 Re7
22. Qd1 Rae8 23. Qd4 Qf6 24. Qxf6 Nxf6 25. h3 h6 26. Bd2 Bc6 27. Rfe1 Ne4 28.
Bxe4 dxe4 29. Be3 b5 30. f6 Re6 31. fxg7+ Kxg7 32. Nh5+ Kg8 33. Rf1 Rd8 34. Bd4
e3 35. Rae1 a5 36. Nf6+ Kf8 37. Bxe3 Kg7 38. Nh5+ Kg8 39. Nf4 Re5 40. Bb6 Rde8
41. Rxe5 Rxe5 42. Bxa5 Re3 1-0

[Event "VII Campeonato de España de Ve"]
[Site "Sabadell (Spain)"]
[Date "2009.12.12"]
[Round "1"]
[White "Ridameya Tatche, Jose Miguel"]
[Black "Anguera Maestro, Jaime"]
[Result "1/2-1/2"]
[WhiteElo "1998"]
[BlackElo "2235"]
[PlyCount "39"]
[EventDate "2009.12.12"]
[EventRounds "7"]
[EventCountry "ESP"]

1. d4 d5 2. Nf3 Nf6 3. c4 e6 4. Bg5 Be7 5. Nc3 c6 6. e3 O-O 7. Qc2 Nbd7 8. Rd1
Qa5 9. Bd3 h6 10. Bh4 dxc4 11. Bxc4 b5 12. Bd3 b4 13. Qa4 Bd8 14. Qxa5 Bxa5 15.
Nb1 c5 16. O-O cxd4 17. Nxd4 Bb7 18. Bb5 Ne5 19. Nb3 Bc7 20. Bxf6 1/2-1/2

[Event "VII Campeonato de España de Ve"]
[Site "Sabadell (Spain)"]
[Date "2009.12.12"]
[Round "1"]
[White "Simon Padros, Emili"]
[Black "Mas Recorda, Pere"]
[Result "1-0"]
[WhiteElo "2229"]
[BlackElo "1993"]
[PlyCount "45"]
[EventDate "2009.12.12"]
[EventRounds "7"]
[EventCountry "ESP"]

1. e4 e6 2. d4 d5 3. Nc3 Bb4 4. Nge2 dxe4 5. a3 Be7 6. Nxe4 Nf6 7. Qd3 Nxe4 8.
Qxe4 Qd5 9. Qf4 Nc6 10. Be3 Qa5+ 11. Bd2 Qb6 12. O-O-O O-O 13. Bc3 Bf6 14. g4
Ne7 15. g5 Nd5 16. Qd2 Be7 17. Rg1 Bd7 18. Ba5 Qd6 19. c4 Qc6 20. Nc3 Nxc3 21.
Bxc3 Rfe8 22. Bd3 Qa4 23. Qe2 1-0

[Event "VII Campeonato de España de Ve"]
[Site "Sabadell (Spain)"]
[Date "2009.12.12"]
[Round "1"]
[White "Ritter Aguilar, Jordi"]
[Black "Bautista Sanchez, Joan"]
[Result "1/2-1/2"]
[WhiteElo "1963"]
[BlackElo "2229"]
[PlyCount "120"]
[EventDate "2009.12.12"]
[EventRounds "7"]
[EventCountry "ESP"]

1. e4 c6 2. d4 d5 3. Nc3 dxe4 4. Nxe4 Nd7 5. Nf3 Ngf6 6. Bd3 Nxe4 7. Bxe4 Nf6
8. Bd3 Bg4 9. c3 e6 10. Bf4 Bd6 11. Bxd6 Qxd6 12. Qe2 Qd5 13. Bc4 Bxf3 14. gxf3
Qd6 15. O-O-O O-O-O 16. Kb1 Rhg8 17. h4 Nh5 18. Qe3 Qf4 19. Rdg1 h6 20. Rg4 Qf6
21. Rhg1 Rge8 22. f4 g6 23. Bb3 Qe7 24. Re1 Nf6 25. Rgg1 Nd5 26. Bxd5 cxd5 27.
h5 gxh5 28. Rh1 Qf6 29. Qe5 Qg6+ 30. Kc1 Qg2 31. Qxh5 Qg6 32. Reg1 Qf6 33. Qe5
Qxe5 34. fxe5 Rh8 35. Rh5 Rh7 36. Kd2 Kd7 37. Ke3 Ke7 38. f4 Rc8 39. f5 exf5
40. Kf4 Rc6 41. Kxf5 b5 42. Rg8 b4 43. Ra8 Ra6 44. cxb4 Rxa2 45. Rh2 Ra1 46.
Rf2 h5 47. Rb8 h4 48. Rb7+ Kf8 49. e6 Re1 50. exf7 Rxf7+ 51. Rxf7+ Kxf7 52.
Kg5+ Ke7 53. Rf4 h3 54. Rh4 Rd1 55. Kf5 h2 56. Rxh2 Rxd4 57. Ke5 Rxb4 58. Kxd5
Kd7 59. Rh7+ Kc8 60. Rxa7 Rxb2 1/2-1/2

[Event "VII Campeonato de España de Ve"]
[Site "Sabadell (Spain)"]
[Date "2009.12.12"]
[Round "1"]
[White "Estrada Martinez, Cesar"]
[Black "Gonzalez Pabollet, Jesus Maria"]
[Result "1-0"]
[WhiteElo "2175"]
[BlackElo "1912"]
[PlyCount "109"]
[EventDate "2009.12.12"]
[EventRounds "7"]
[EventCountry "ESP"]

1. Nf3 c5 2. g3 Nc6 3. Bg2 d6 4. O-O Nf6 5. c4 e6 6. d4 cxd4 7. Nxd4 Nxd4 8.
Qxd4 Qc7 9. Nc3 Bd7 10. Bg5 Be7 11. Rac1 O-O 12. Rfd1 e5 13. Qd2 Bc6 14. Bxf6
gxf6 15. Bh3 Kg7 16. Nd5 Bxd5 17. cxd5 Qb8 18. Rc4 b5 19. Rh4 h5 20. Rxh5 Rh8
21. Rxh8 Qxh8 22. Bf5 Qh5 23. Qd3 Rh8 24. h4 Bd8 25. Bh3 a6 26. Qe4 Bb6 27.
Qg4+ Qxg4 28. Bxg4 Rg8 29. Kg2 Kf8 30. f4 a5 31. a3 Bc5 32. e4 Bd4 33. Rd2 Rh8
34. Rc2 Bc5 35. Bd7 b4 36. a4 Rh7 37. Bc6 Rg7 38. Kf3 Rg8 39. g4 Rh8 40. h5 Kg7
41. Rh2 Bd4 42. Rc2 Kh6 43. Bd7 Bc5 44. g5+ Kg7 45. h6+ Kf8 46. fxe5 fxe5 47.
Kg4 Ke7 48. Bf5 Rf8 49. h7 Rh8 50. Kh5 Kf8 51. Kh6 f6 52. Rxc5 dxc5 53. gxf6 c4
54. Kg6 Rxh7 55. Kxh7 1-0

[Event "VII Campeonato de España de Ve"]
[Site "Sabadell (Spain)"]
[Date "2009.12.12"]
[Round "1"]
[White "Fernandez Calzada, Juan A"]
[Black "Ciuro Munoz, Ricardo"]
[Result "1/2-1/2"]
[WhiteElo "1889"]
[BlackElo "2148"]
[PlyCount "117"]
[EventDate "2009.12.12"]
[EventRounds "7"]
[EventCountry "ESP"]

1. e4 e6 2. d4 d5 3. exd5 exd5 4. Bd3 Bd6 5. Nf3 Bg4 6. O-O Nc6 7. c3 Nge7 8.
Re1 Qd7 9. Nbd2 O-O-O 10. Qc2 f6 11. b4 Rde8 12. a4 Bf5 13. a5 Bxd3 14. Qxd3
Qf5 15. Qxf5+ Nxf5 16. b5 Nb8 17. Ba3 Bxa3 18. Rxa3 Nd6 19. Rb3 Nd7 20. Kf1
Rxe1+ 21. Nxe1 c6 22. bxc6 bxc6 23. Nd3 Kc7 24. Nb4 Nb7 25. Na6+ Kc8 26. Ra3
Re8 27. Nb3 Re6 28. Nb4 Kc7 29. Ra2 Nd6 30. Na6+ Kc8 31. Ra4 Nc4 32. g3 g5 33.
Rb4 Re7 34. Ra4 g4 35. Nac5 Re8 36. Nd3 Kc7 37. Ra1 Rb8 38. Nb4 Rc8 39. Nd3 Kd6
40. Re1 Rb8 41. Nbc5 Nf8 42. a6 Nd2+ 43. Kg2 Ne4 44. Nb7+ Ke7 45. Ndc5 f5 46.
f3 gxf3+ 47. Kxf3 Ne6 48. Nxe6 Kxe6 49. h3 Kf6 50. Re3 h5 51. Kf4 h4 52. g4
fxg4 53. Kxg4 Rg8+ 54. Kxh4 Rh8+ 55. Kg4 Rg8+ 56. Kh4 Rh8+ 57. Kg4 Rg8+ 58. Kh4
Rh8+ 59. Kg4 1/2-1/2

[Event "VII Campeonato de España de Ve"]
[Site "Sabadell (Spain)"]
[Date "2009.12.12"]
[Round "1"]
[White "Pujades Costa, Joan"]
[Black "Grau Brumos, Isidre"]
[Result "0-1"]
[WhiteElo "1856"]
[BlackElo "2117"]
[PlyCount "60"]
[EventDate "2009.12.12"]
[EventRounds "7"]
[EventCountry "ESP"]

1. e4 c5 2. Nf3 b6 3. Nc3 Bb7 4. Bc4 Nc6 5. O-O e6 6. a4 Nf6 7. Re1 a6 8. d4
cxd4 9. Nxd4 Qc7 10. Ba2 Nxd4 11. Qxd4 Ng4 12. e5 f5 13. Re2 Qc6 14. Ne4 Bc5
15. Nd6+ Bxd6 16. Bd5 Qxd5 17. Qxd5 Bxd5 18. exd6 Rc8 19. b3 b5 20. axb5 axb5
21. f3 Nf6 22. h3 Kf7 23. Bb2 Ra8 24. Rc1 Ra2 25. c4 Rc8 26. Rec2 bxc4 27. bxc4
Bxc4 28. Bxf6 Rxc2 29. Rxc2 Kxf6 30. Kf2 Ke5 0-1

[Event "VII Campeonato de España de Ve"]
[Site "Sabadell (Spain)"]
[Date "2009.12.12"]
[Round "1"]
[White "Aguera Martinez, Joaquin"]
[Black "Demestres Lopez, Ricardo"]
[Result "1-0"]
[WhiteElo "2112"]
[BlackElo "1782"]
[PlyCount "79"]
[EventDate "2009.12.12"]
[EventRounds "7"]
[EventCountry "ESP"]

1. e4 c5 2. Nf3 d6 3. c3 Bg4 4. d4 Nc6 5. Be2 g6 6. h3 Bxf3 7. Bxf3 Bg7 8. d5
Ne5 9. Be2 Nf6 10. O-O O-O 11. f4 Ned7 12. Bf3 Qc7 13. c4 b5 14. cxb5 a6 15.
Nc3 Rfb8 16. e5 Ne8 17. e6 Nb6 18. exf7+ Kxf7 19. bxa6 Nc4 20. Qe2 Nb6 21. Ne4
Bd4+ 22. Kh1 h6 23. f5 g5 24. Ng3 Ng7 25. Nh5 Kg8 26. Nxg7 Bxg7 27. h4 Bf6 28.
hxg5 hxg5 29. Qe6+ Kg7 30. Bxg5 Rh8+ 31. Kg1 Bd4+ 32. Be3 Bxe3+ 33. Qxe3 Rag8
34. Rae1 Kf8 35. f6 Nc4 36. fxe7+ Ke8 37. Qe6 Ne5 38. Rxe5 dxe5 39. d6 Qd7 40.
Bh5+ 1-0

[Event "VII Campeonato de España de Ve"]
[Site "Sabadell (Spain)"]
[Date "2009.12.12"]
[Round "1"]
[White "Gonzalo Gonzalez, Francisco"]
[Black "Monedero Gonzalez, Josep"]
[Result "0-1"]
[WhiteElo "1781"]
[BlackElo "2111"]
[PlyCount "86"]
[EventDate "2009.12.12"]
[EventRounds "7"]
[EventCountry "ESP"]

1. e4 e6 2. Nf3 d5 3. exd5 exd5 4. d4 Bg4 5. h3 Bh5 6. c3 Bd6 7. Be3 Nd7 8.
Nbd2 Ngf6 9. Bd3 Qe7 10. Qb3 Nb6 11. g4 Bg6 12. Bxg6 hxg6 13. O-O-O O-O-O 14.
Bg5 c6 15. Rde1 Qc7 16. Ne5 Kb8 17. Nd3 Rde8 18. Nc5 Bf4 19. Bxf4 Qxf4 20. a4
Nfd7 21. Nd3 Qh6 22. f4 Rxe1+ 23. Nxe1 Qxf4 24. Rf1 Qe3 25. Nc2 Qxh3 26. Rxf7
Qxg4 27. Ne3 Qe6 28. Rf3 Nf6 29. a5 Nc8 30. a6 b6 31. Qa4 Ne7 32. Ng2 Nf5 33.
Rf1 Rh2 34. Ne1 Re2 35. Nef3 Ng4 36. Rg1 Nge3 37. Ne5 Ne7 38. Rh1 Kc7 39. Ndf3
Qf5 40. Nd2 Nc4 41. Nexc4 dxc4 42. Qxc4 Rxd2 43. Rf1 Qc2# 0-1

[Event "VII Campeonato de España de Ve"]
[Site "Sabadell (Spain)"]
[Date "2009.12.12"]
[Round "1"]
[White "Segura Vila, Juan"]
[Black "Febrero Perez, Lluis"]
[Result "1-0"]
[WhiteElo "2070"]
[BlackElo "1599"]
[PlyCount "65"]
[EventDate "2009.12.12"]
[EventRounds "7"]
[EventCountry "ESP"]

1. e4 e5 2. Nf3 Nc6 3. d4 exd4 4. c3 dxc3 5. Bc4 Be7 6. Qd5 Nh6 7. Bxh6 O-O 8.
Nxc3 gxh6 9. Qh5 Bg5 10. h4 Bf6 11. Rh3 Bg7 12. Rg3 Kh8 13. O-O-O d6 14. Kb1 f5
15. Bd3 fxe4 16. Bxe4 Qe7 17. Re1 Be6 18. Bc2 Nb4 19. Qg4 Rxf3 20. Rxe6 Qd7 21.
gxf3 Nxc2 22. Kxc2 h5 23. Qxg7+ Qxg7 24. Rxg7 Kxg7 25. Re7+ Kg6 26. Rxc7 b6 27.
Rd7 Kf5 28. Rxd6 Rf8 29. Ne4 Ke5 30. Rh6 Rxf3 31. Nd2 Rxf2 32. Rxh5+ Rf5 33.
Rxh7 1-0

[Event "VII Campeonato de España de Ve"]
[Site "Sabadell (Spain)"]
[Date "2009.12.12"]
[Round "1"]
[White "Sogues Tena, Pilar"]
[Black "Campos Calvo-Sotelo, Juan"]
[Result "0-1"]
[WhiteElo "1553"]
[BlackElo "2052"]
[PlyCount "94"]
[EventDate "2009.12.12"]
[EventRounds "7"]
[EventCountry "ESP"]

1. e4 e6 2. d4 a6 3. c3 b5 4. Bd3 c5 5. dxc5 Bxc5 6. Nd2 Nf6 7. Ngf3 Nc6 8. Nb3
Be7 9. O-O Bb7 10. Be3 d6 11. h3 Qc7 12. Bg5 h6 13. Bh4 Nd7 14. Bxe7 Nxe7 15.
Rc1 O-O 16. Re1 Rac8 17. Qe2 Ng6 18. Qe3 Nde5 19. Nxe5 Nxe5 20. Bb1 Nc4 21. Qe2
a5 22. Nd4 Qc5 23. Bd3 Ba6 24. Nb3 Qc7 25. Bxc4 bxc4 26. Nd4 Qb6 27. Rc2 a4 28.
e5 dxe5 29. Qxe5 Rc5 30. Qe3 Rd8 31. a3 Bb7 32. Rd2 Rdd5 33. Nf3 Qc6 34. Rxd5
Rxd5 35. Qe4 Qb6 36. Qxc4 Qxb2 37. Qb4 Rb5 38. Qxa4 Bxf3 39. gxf3 Rg5+ 40. Kf1
Qxc3 41. Qa8+ Kh7 42. Qe4+ g6 43. a4 Rf5 44. Re3 Qc7 45. Qd3 Rd5 46. Qc3 Qh2
47. Qc7 Qxc7 0-1

[Event "VII Campeonato de España de Ve"]
[Site "Sabadell (Spain)"]
[Date "2009.12.13"]
[Round "2"]
[White "Monedero Gonzalez, Josep"]
[Black "Gonzalez Rodriguez, Jorge A"]
[Result "0-1"]
[WhiteElo "2111"]
[BlackElo "2441"]
[PlyCount "112"]
[EventDate "2009.12.12"]
[EventRounds "7"]
[EventCountry "ESP"]

1. d4 Nf6 2. Nf3 b5 3. e3 a6 4. a4 b4 5. Nbd2 e6 6. Bd3 c5 7. O-O Nc6 8. Qe2
cxd4 9. exd4 d5 10. Nb3 a5 11. Bg5 Be7 12. Bb5 Bd7 13. Ne5 Nxe5 14. dxe5 Bxb5
15. Qxb5+ Nd7 16. Bxe7 Kxe7 17. Rfe1 Qb6 18. Qd3 Rac8 19. Re2 Rc4 20. Qg3 Kf8
21. h3 g6 22. Rd1 Kg7 23. Rdd2 h6 24. Kh2 Rhc8 25. Qd3 Nc5 26. Nxc5 R8xc5 27.
Qf3 Qd8 28. Qg3 Qc7 29. Qb3 f5 30. g3 g5 31. Qd3 Qc6 32. Qb3 Qe8 33. Kg2 h5 34.
f3 Qg6 35. Qd3 Qe8 36. b3 Rc3 37. Qa6 Qc6 38. Qa7+ Qc7 39. Qa8 Rxc2 40. Qe8
Rxd2 41. Rxd2 Qf7 42. Qd8 Kg6 43. Qb6 Qe7 44. g4 hxg4 45. hxg4 f4 46. Qa6 Kg7
47. Qb6 Kf7 48. Qb8 Kg7 49. Qb6 Kg6 50. Qa6 Qd7 51. Qa8 Kg7 52. Qa6 d4 53. Re2
d3 54. Rd2 Rc2 55. Kh3 Rxd2 56. Qxe6 Rh2+ 0-1

[Event "VII Campeonato de España de Ve"]
[Site "Sabadell (Spain)"]
[Date "2009.12.13"]
[Round "2"]
[White "Campos Calvo-Sotelo, Juan"]
[Black "Simon Padros, Emili"]
[Result "1/2-1/2"]
[WhiteElo "2052"]
[BlackElo "2229"]
[PlyCount "62"]
[EventDate "2009.12.12"]
[EventRounds "7"]
[EventCountry "ESP"]

1. e4 g6 2. d4 Bg7 3. Nf3 d6 4. h3 Nf6 5. Nc3 O-O 6. Be3 c6 7. Bd3 b5 8. O-O
Nbd7 9. Ne2 a6 10. c3 e5 11. a4 Bb7 12. b4 Re8 13. Ng3 Rc8 14. Qd2 Qe7 15. Bh6
Qf8 16. Bxg7 Qxg7 17. Nh4 Kh8 18. Kh2 exd4 19. cxd4 Ng8 20. Nf3 Nb6 21. a5 Nd7
22. Qf4 Qf6 23. Qg4 Re7 24. h4 h5 25. Qg5 Qxg5 26. hxg5 c5 27. bxc5 dxc5 28. d5
c4 29. Bc2 Nc5 30. Rab1 Kg7 31. Nh4 Rce8 1/2-1/2

[Event "VII Campeonato de España de Ve"]
[Site "Sabadell (Spain)"]
[Date "2009.12.13"]
[Round "2"]
[White "Sarto Ramos, Angel"]
[Black "Estrada Martinez, Cesar"]
[Result "0-1"]
[WhiteElo "2014"]
[BlackElo "2175"]
[PlyCount "150"]
[EventDate "2009.12.12"]
[EventRounds "7"]
[EventCountry "ESP"]

1. c4 c5 2. Nc3 Nf6 3. g3 d5 4. cxd5 Nxd5 5. Bg2 Nc7 6. d3 e5 7. Be3 Be7 8. Rc1
Nd7 9. Nf3 O-O 10. Qc2 b6 11. Nd2 Rb8 12. O-O Bb7 13. f4 Bxg2 14. Kxg2 Ne6 15.
Nd5 Nd4 16. Nxe7+ Qxe7 17. Qd1 Nf5 18. Bg1 Nf6 19. e4 Nd6 20. fxe5 Qxe5 21. Nf3
Qxb2+ 22. Rc2 Qb5 23. e5 Nde8 24. exf6 Nxf6 25. Ne5 Rbe8 26. Nc4 Rd8 27. Qf3
Rd5 28. Rb2 Qd7 29. Rb3 Rd8 30. Nb2 Ng4 31. h3 Ne5 32. Qe4 Nxd3 33. Rxd3 Rxd3
34. Nxd3 Qxd3 35. Qxd3 Rxd3 36. Rf2 Ra3 37. Rb2 f5 38. Bf2 Kf7 39. Kf1 Kf6 40.
h4 g5 41. hxg5+ Kxg5 42. Rc2 f4 43. gxf4+ Kxf4 44. Ke2 h5 45. Be1 Kg4 46. Kf1
h4 47. Rc4+ Kf3 48. Rxh4 Rxa2 49. Rh3+ Ke4 50. Bf2 c4 51. Re3+ Kd5 52. Ke1 b5
53. Rf3 b4 54. Kd1 c3 55. Rf4 a5 56. Be1 Ra1+ 57. Ke2 c2 58. Bd2 b3 59. Rf5+
Kc6 60. Rf6+ Kd5 61. Rf5+ Ke6 62. Rb5 a4 63. Rb4 Kd5 64. Be3 c1=Q 65. Bxc1 Rxc1
66. Kd2 Rc4 67. Rb8 Kc5 68. Kd3 Rb4 69. Rc8+ Kd5 70. Rd8+ Kc6 71. Rc8+ Kd7 72.
Rc1 b2 73. Rb1 a3 74. Kc2 Kc6 75. Rh1 a2 0-1

[Event "VII Campeonato de España de Ve"]
[Site "Sabadell (Spain)"]
[Date "2009.12.13"]
[Round "2"]
[White "Serra Olives, Tomas"]
[Black "Aguera Martinez, Joaquin"]
[Result "1-0"]
[WhiteElo "2143"]
[BlackElo "2112"]
[PlyCount "61"]
[EventDate "2009.12.12"]
[EventRounds "7"]
[EventCountry "ESP"]

1. e4 c5 2. Nf3 g6 3. d4 Bg7 4. c4 d6 5. Be2 Bg4 6. d5 Nf6 7. Nc3 O-O 8. O-O
Nbd7 9. Ng5 Bxe2 10. Qxe2 h6 11. Nf3 Re8 12. Bf4 Nh5 13. Be3 e5 14. dxe6 Rxe6
15. Rad1 Nhf6 16. Bf4 Qb6 17. Rfe1 Rae8 18. Qc2 Qc6 19. Nd2 g5 20. Be3 Ng4 21.
Nd5 Ndf6 22. f3 Nxe3 23. Rxe3 Nd7 24. Ra3 a6 25. Nf1 f5 26. Ng3 fxe4 27. Nxe4
Ne5 28. Re3 Ng6 29. Nef6+ Kf7 30. Nxe8 Rxe8 31. Qf5+ 1-0

[Event "VII Campeonato de España de Ve"]
[Site "Sabadell (Spain)"]
[Date "2009.12.13"]
[Round "2"]
[White "Grau Brumos, Isidre"]
[Black "Segura Vila, Juan"]
[Result "1-0"]
[WhiteElo "2117"]
[BlackElo "2070"]
[PlyCount "99"]
[EventDate "2009.12.12"]
[EventRounds "7"]
[EventCountry "ESP"]

1. e4 e5 2. Nf3 Nc6 3. Bb5 Bc5 4. O-O d6 5. d4 exd4 6. b4 Bb6 7. Nxd4 Nge7 8.
Bg5 f6 9. Be3 O-O 10. c3 Bd7 11. a4 a5 12. Bc4+ Kh8 13. b5 Ne5 14. Be2 Qc8 15.
h3 f5 16. exf5 Nxf5 17. Nxf5 Bxf5 18. Bxb6 cxb6 19. Qxd6 Ng6 20. c4 Rf6 21. Qd4
Bxh3 22. gxh3 Nf4 23. Bg4 Qxg4+ 24. hxg4 Ne2+ 25. Kg2 Nxd4 26. Ra3 Raf8 27. Nd2
Rf4 28. f3 Re8 29. Ne4 g6 30. Nd6 Re7 31. Rf2 Rd7 32. Kg3 g5 33. Ne4 h6 34. Nc3
Rd6 35. Nd5 Rf7 36. Re3 Ne6 37. Rfe2 Nf4 38. Rd2 Kg7 39. Rd4 Nxd5 40. cxd5 Rfd7
41. Re5 Kf7 42. f4 gxf4+ 43. Kxf4 Rc7 44. Rf5+ Rf6 45. d6 Rc8 46. d7 Rd8 47.
Ke5 Rxf5+ 48. Kxf5 h5 49. gxh5 Ke7 50. Ke5 1-0

[Event "VII Campeonato de España de Ve"]
[Site "Sabadell (Spain)"]
[Date "2009.12.13"]
[Round "2"]
[White "Anguera Maestro, Jaime"]
[Black "Garcia Molina, Pablo"]
[Result "1-0"]
[WhiteElo "2235"]
[BlackElo "2022"]
[PlyCount "81"]
[EventDate "2009.12.12"]
[EventRounds "7"]
[EventCountry "ESP"]

1. d4 Nf6 2. c4 d6 3. Nf3 g6 4. Nc3 Bg7 5. e4 O-O 6. Bg5 c6 7. Qd2 Re8 8. Be2
Nbd7 9. O-O Qc7 10. Rad1 Nf8 11. h3 Ne6 12. Bh6 Bh8 13. Rfe1 a6 14. a4 c5 15.
Be3 cxd4 16. Nxd4 Nxd4 17. Bxd4 Be6 18. b3 Nd7 19. Bxh8 Kxh8 20. Nd5 Bxd5 21.
exd5 Kg8 22. Bd3 Nc5 23. Bc2 b5 24. b4 Nxa4 25. Bxa4 bxa4 26. Re4 a5 27. b5 Qc5
28. Qh6 e5 29. Rh4 a3 30. Qxh7+ Kf8 31. Qh6+ Ke7 32. Qd2 Qb4 33. Qa2 Rac8 34.
Ra1 g5 35. Rg4 f5 36. Rxg5 Kf6 37. Rh5 Rxc4 38. Rh7 Qb2 39. Qxc4 Qxa1+ 40. Kh2
Qd4 41. Qc7 1-0

[Event "VII Campeonato de España de Ve"]
[Site "Sabadell (Spain)"]
[Date "2009.12.13"]
[Round "2"]
[White "Bautista Sanchez, Joan"]
[Black "Ridameya Tatche, Jose Miguel"]
[Result "1-0"]
[WhiteElo "2229"]
[BlackElo "1998"]
[PlyCount "74"]
[EventDate "2009.12.12"]
[EventRounds "7"]
[EventCountry "ESP"]

1. Nf3 d5 2. c4 dxc4 3. Na3 Nc6 4. Nxc4 g6 5. d4 Nf6 6. e3 Bg7 7. Be2 O-O 8.
O-O Ne4 9. Bd2 e5 10. Bc3 Nxc3 11. bxc3 Qe7 12. Qb3 e4 13. Nfd2 Nd8 14. f3 exf3
15. Bxf3 c6 16. Rae1 Be6 17. a4 Qc7 18. Qa3 Rb8 19. Nb2 b5 20. Nd3 Qa5 21. Ra1
Bc4 22. Nxc4 bxc4 23. Nc5 Re8 24. Qc1 Bh6 25. Re1 Bf8 26. Nd7 Ne6 27. Nf6+ Kh8
28. Nxe8 Rxe8 29. Bxc6 Rb8 30. Rb1 Rd8 31. e4 Qc7 32. Bd5 Nf4 33. Rb7 Qd6 34.
Rxf7 Nd3 35. Qe3 Nxe1 36. Qxe1 Re8 37. Qf1 Bg7 1-0

[Event "VII Campeonato de España de Ve"]
[Site "Sabadell (Spain)"]
[Date "2009.12.13"]
[Round "2"]
[White "Ciuro Munoz, Ricardo"]
[Black "Ritter Aguilar, Jordi"]
[Result "1-0"]
[WhiteElo "2148"]
[BlackElo "1963"]
[PlyCount "79"]
[EventDate "2009.12.12"]
[EventRounds "7"]
[EventCountry "ESP"]

1. e4 e5 2. Nf3 Nc6 3. Bb5 f5 4. Qe2 Nd4 5. Nxd4 exd4 6. exf5+ Qe7 7. O-O c6 8.
Qd1 Qc5 9. Bd3 Nf6 10. c3 d5 11. b3 Kf7 12. Bb2 Bd7 13. cxd4 Qb6 14. Na3 Bd6
15. Nc2 h5 16. Ne3 Qc7 17. h3 Rae8 18. Rc1 Qb8 19. Re1 Ne4 20. Bxe4 Rxe4 21. d3
Ree8 22. Qf3 Rh6 23. Bc3 Kg8 24. Bd2 Bf4 25. g3 Bg5 26. h4 Bxe3 27. Bxe3 Rf6
28. Qxh5 Rxf5 29. Qd1 Qc8 30. Bf4 Ref8 31. Qd2 Be8 32. Re5 Bh5 33. Rxf5 Qxf5
34. Kg2 Qg4 35. Re1 Qf3+ 36. Kh2 Qg4 37. Re5 Rf5 38. f3 Qg6 39. Rxf5 Qxf5 40.
g4 1-0

[Event "VII Campeonato de España de Ve"]
[Site "Sabadell (Spain)"]
[Date "2009.12.13"]
[Round "2"]
[White "Espau Guillem, Josep"]
[Black "Fernandez Calzada, Juan A"]
[Result "1-0"]
[WhiteElo "2003"]
[BlackElo "1889"]
[PlyCount "63"]
[EventDate "2009.12.12"]
[EventRounds "7"]
[EventCountry "ESP"]

1. e4 c5 2. Nf3 d6 3. d4 cxd4 4. Nxd4 Nf6 5. Nc3 a6 6. Bc4 e6 7. O-O Be7 8. Be3
Qc7 9. Bb3 O-O 10. f4 Nc6 11. Qe2 b5 12. Nxc6 Qxc6 13. e5 dxe5 14. fxe5 Nd7 15.
Qh5 Bc5 16. Rae1 Bb7 17. Rf2 Rad8 18. Nd1 Bxe3 19. Nxe3 Nc5 20. Ng4 Kh8 21. c3
Nxb3 22. axb3 Qd5 23. Ne3 Qxb3 24. Ref1 Be4 25. Rxf7 Rg8 26. Qg5 Bg6 27. Rxg7
Kxg7 28. Qf6+ Kh6 29. Ng4+ Kh5 30. g3 Bf5 31. Qh6+ Kxg4 32. Qh4# 1-0

[Event "VII Campeonato de España de Ve"]
[Site "Sabadell (Spain)"]
[Date "2009.12.13"]
[Round "2"]
[White "Mas Recorda, Pere"]
[Black "Gonzalo Gonzalez, Francisco"]
[Result "1-0"]
[WhiteElo "1993"]
[BlackElo "1781"]
[PlyCount "56"]
[EventDate "2009.12.12"]
[EventRounds "7"]
[EventCountry "ESP"]

1. d4 e5 2. dxe5 Nc6 3. Nf3 Qe7 4. Nc3 Nxe5 5. Nd5 Nxf3+ 6. gxf3 Qc5 7. e4 Bd6
8. Be3 Qc6 9. Qd4 f6 10. O-O-O Be5 11. Qd2 b6 12. Bh3 Qb5 13. Nc3 Qc6 14. Ne2
Ne7 15. f4 Bd6 16. Rhg1 g6 17. e5 fxe5 18. Bg2 e4 19. Qd4 O-O 20. Bxe4 Nf5 21.
Qd3 Ba6 22. Bd5+ Qxd5 23. Qxd5+ Kg7 24. Ng3 Nxe3 25. fxe3 Kh8 26. Qd4+ Kg8 27.
Nh5 Rf7 28. f5 Rxf5 1-0

[Event "VII Campeonato de España de Ve"]
[Site "Sabadell (Spain)"]
[Date "2009.12.13"]
[Round "2"]
[White "Gonzalez Pabollet, Jesus Maria"]
[Black "Sogues Tena, Pilar"]
[Result "1-0"]
[WhiteElo "1912"]
[BlackElo "1553"]
[PlyCount "97"]
[EventDate "2009.12.12"]
[EventRounds "7"]
[EventCountry "ESP"]

1. e4 d6 2. Nf3 Nf6 3. Nc3 g6 4. Bc4 Bg7 5. O-O O-O 6. d4 Bg4 7. h3 Bxf3 8.
Qxf3 Nc6 9. Be3 e5 10. d5 Ne7 11. Bg5 Nd7 12. Qe2 f6 13. Be3 f5 14. f3 f4 15.
Bf2 g5 16. Qd2 Ng6 17. Rfd1 a6 18. a4 Qe7 19. b4 Nf6 20. Bb3 h5 21. g4 hxg4 22.
hxg4 Kf7 23. Kg2 Rh8 24. Rh1 Nh4+ 25. Bxh4 gxh4 26. Qf2 Nd7 27. Ne2 Bf6 28. c4
a5 29. c5 axb4 30. c6 Nc5 31. Qxc5 dxc5 32. d6+ Kg6 33. dxe7 Bxe7 34. cxb7 Ra7
35. Bd5 Rd8 36. a5 c4 37. a6 c3 38. Rhc1 Rh8 39. Kh3 Bc5 40. Be6 Kg5 41. Bc8
Be3 42. b8=Q Rd8 43. Qxb4 Rxc8 44. Qe7+ Kg6 45. Qe6+ Kg7 46. Qd7+ Kh6 47. Qxc8
Bxc1 48. Rxc1 c5 49. Qb7 1-0

[Event "VII Campeonato de España de Ve"]
[Site "Sabadell (Spain)"]
[Date "2009.12.14"]
[Round "3"]
[White "Gonzalez Rodriguez, Jorge A"]
[Black "Serra Olives, Tomas"]
[Result "1/2-1/2"]
[WhiteElo "2441"]
[BlackElo "2143"]
[PlyCount "114"]
[EventDate "2009.12.12"]
[EventRounds "7"]
[EventCountry "ESP"]

1. b3 e5 2. Bb2 Nc6 3. e3 d5 4. Bb5 Bd6 5. Nf3 f6 6. d4 e4 7. Ng1 f5 8. Ne2 a6
9. Bxc6+ bxc6 10. c4 Nf6 11. c5 Be7 12. Bc3 O-O 13. h4 f4 14. Nxf4 Bg4 15. f3
exf3 16. gxf3 Ne4 17. fxg4 Bxh4+ 18. Ke2 Qe7 19. Be1 Bg5 20. Ng2 Qe6 21. Kd3
Qg6 22. Ke2 Be7 23. Qc2 Qxg4+ 24. Kd3 Qg6 25. Rg1 Rf3 26. Nd2 Ng3+ 27. Kc3 Ne2+
28. Kb2 Qxc2+ 29. Kxc2 Nxg1 30. Nxf3 Nxf3 31. Bg3 Rf8 32. Nf4 Ng5 33. Nd3 Ne4
34. Bxc7 Rf3 35. Re1 Bf6 36. Re2 g5 37. b4 g4 38. a4 g3 39. Nf4 Bg5 40. b5 axb5
41. axb5 cxb5 42. c6 Rf2 43. Kd3 Bxf4 44. Bxf4 Rxe2 45. Kxe2 g2 46. c7 g1=Q 47.
c8=Q+ Kf7 48. Qd7+ Kg6 49. Qe8+ Kf5 50. Qc8+ Kf6 51. Qf8+ Ke6 52. Qe8+ Kf5 53.
Qc8+ Kf6 54. Qd8+ Ke6 55. Qc8+ Kf7 56. Qd7+ Kg6 57. Qe8+ Kf5 1/2-1/2

[Event "VII Campeonato de España de Ve"]
[Site "Sabadell (Spain)"]
[Date "2009.12.14"]
[Round "3"]
[White "Estrada Martinez, Cesar"]
[Black "Grau Brumos, Isidre"]
[Result "1-0"]
[WhiteElo "2175"]
[BlackElo "2117"]
[PlyCount "99"]
[EventDate "2009.12.12"]
[EventRounds "7"]
[EventCountry "ESP"]

1. c4 e5 2. g3 Nc6 3. Bg2 d6 4. Nf3 g6 5. Nc3 Bg7 6. O-O Be6 7. d3 h6 8. Rb1
Qd7 9. Nd5 Nce7 10. e4 c6 11. Nxe7 Nxe7 12. Be3 O-O 13. Qc1 Kh7 14. d4 Bh3 15.
Re1 Bxg2 16. Kxg2 f5 17. dxe5 fxe4 18. Nd2 d5 19. Qd1 Qe6 20. cxd5 cxd5 21. f4
Nf5 22. Bg1 g5 23. fxg5 Bxe5 24. gxh6 Rg8 25. Nf1 Nh4+ 26. Kh1 Qh3 27. Re2 Rad8
28. Qb3 Bxg3 29. Nxg3 Nf3 30. Rg2 Rd7 31. Qe3 Nh4 32. Rf2 Rf8 33. Rbf1 Rf3 34.
Qg5 e3 35. Rc2 Rxf1 36. Nxf1 Qf3+ 37. Rg2 Nxg2 38. Qxg2 Qxg2+ 39. Kxg2 e2 40.
Kf2 Re7 41. Ke1 exf1=Q+ 42. Kxf1 b5 43. Bc5 Rc7 44. b4 a5 45. a3 a4 46. Ke2
Kxh6 47. Kd3 Kg6 48. Kd4 Rd7 49. Ke5 Rd8 50. Bb6 1-0